Film Screenshots 2 - Statistics

General Stats
  • This quiz has been taken 48 times
  • The average score is 9 of 16
Answer Stats
Picture Answer % Correct
The Mask
90%
Groundhog Day
85%
The Wizard of Oz
85%
Pulp Fiction
83%
Halloween 2
80%
Forrest Gump
73%
The Shawshank Redemption
70%
V For Vendetta
68%
Liar Liar
60%
The Shining
55%
The Fugitive
48%
Clue
40%
Goldfinger
40%
Austin Powers: International Man of Mystery
20%
The Thomas Crown Affair
15%
Dead Again
5%
No matching quizzes found
Score Distribution
Percent of People with Each Score
Percentile by Number Answered
Your Score History
You have not taken this quiz